000
00211nam a22001097a 4500
041
_a
eng
080
_a
80
100
_a
Marphy, Raymond
245
_a
Grammar in use.
650
_a
English Grammar
999
_c
279816
_d
279816
942
_c
BK